[Event "Poznan op 28th"]
[Site "Poznan"]
[Date "2021.08.22"]
[Round "9"]
[White "Purczynski, Andrzej"]
[Black "Pilny, Piotr"]
[Result "1/2-1/2"]
[WhiteElo "1221"]
[BlackElo "1484"]
[PlyCount "97"]
[EventDate "2021.08.15"]
[EventType "swiss"]
[EventRounds "9"]
[EventCountry "POL"]
[SourceTitle "CBM 203 Extra"]
[Source "ChessBase"]
[SourceDate "2021.09.30"]
[SourceVersion "1"]
[SourceVersionDate "2021.09.30"]
[SourceQuality "1"]

1. e4 d5 2. exd5 Nf6 3. Nf3 Bg4 4. h3 Bf5 5. d4 Nxd5 6. c3 g6 7. Qb3 Nb6 8. Ng5 e6 9. g4 Bxb1 10. Rxb1 Qd5 11. Qb5+ Qxb5 12. Bxb5+ c6 13. Be2 Bg7 14. 0-0 0-0 15. Bf4 N8d7 16. Nf3 Rfe8 17. Ne5 Rad8 18. Rbd1 Nd5 19. Bg3 Nxe5 20. dxe5 g5 21. h4 h6 22. hxg5 hxg5 23. Bf3 Nf4 24. Bxf4 gxf4 25. Rfe1 Rxd1 26. Bxd1 Rd8 27. Bf3 Rd2 28. Re2 Rxe2 29. Bxe2 Bxe5 30. Kg2 Kf8 31. Kf3 f6 32. Ke4 Ke7 33. g5 Kf7 34. Bh5+ Kg7 35. Be8 Bd6 36. g6 f5+ 37. Kd3 Kf6 38. c4 Be5 39. b3 c5 40. Ke2 Ke7 41. Bf7 Bg7 42. Kd3 e5 43. f3 a5 44. a4 Kf6 45. Be8 Kg5 46. Bf7 b6 47. Be8 Bh6 48. Bf7 Kh4 49. Be6 1/2-1/2